| 000 | 00748nam a22002777a 4500 | ||
|---|---|---|---|
| 001 | 0000071 | ||
| 003 | KOHA_MİRAKIL | ||
| 005 | 20260207001158.0 | ||
| 007 | ta | ||
| 008 | 111026b1999 tu |||gr||||#||||0|tur | | ||
| 020 |
_a9789755910710 _c26,94 |
||
| 040 |
_aTR-BiSEU _btur _cTR-BiSEU _erda |
||
| 041 | 0 | _atur | |
| 044 | _ctu | ||
| 050 |
_aTJ265 _b.C48 1999 |
||
| 100 | 1 | _aÇetinkaya, Selim. | |
| 245 | 1 |
_aTermodinamik/ _cSelim Çetinkaya ; Selim Çetinkaya. |
|
| 264 | 1 |
_aAnkara : _bNobel Yayıncılık _c1999 |
|
| 300 | _a345 sayfa | ||
| 336 |
_ametin _btxt _2rdacontent |
||
| 337 |
_aaracısız _bn _2rdamedia |
||
| 338 |
_acilt _bnc _2rdacarrier |
||
| 650 | 0 |
_aTermodinamik. _91696 |
|
| 650 | 0 |
_aThermodynamics. _91697 |
|
| 942 |
_2lcc _cBK |
||
| 999 |
_c72 _d72 |
||